1-100 in 180 Quiz Stats

 Plays Quiz not verified by Sporcle

Support Sporcle.
Go Orange.
Score 0/100 Timer 03:00
0 Plays Today
% Correct
???
100%
???
98.2%
???
92.9%
???
92.9%
???
92.9%
???
91.1%
???
91.1%
???
91.1%
???
91.1%
???
91.1%
???
91.1%
???
89.3%
???
85.7%
???
85.7%
???
85.7%
???
82.1%
???
82.1%
???
82.1%
???
78.6%
???
75%
???
73.2%
???
71.4%
???
71.4%
???
69.6%
???
67.9%
???
64.3%
???
64.3%
???
58.9%
???
57.1%
???
57.1%
???
55.4%
???
55.4%
???
55.4%
???
55.4%
% Correct
???
55.4%
???
53.6%
???
53.6%
???
50%
???
48.2%
???
44.6%
???
44.6%
???
44.6%
???
42.9%
???
41.1%
???
39.3%
???
39.3%
???
37.5%
???
35.7%
???
35.7%
???
33.9%
???
30.4%
???
28.6%
???
26.8%
???
26.8%
???
25%
???
25%
???
25%
???
19.6%
???
16.1%
???
14.3%
???
14.3%
???
14.3%
???
12.5%
???
12.5%
???
12.5%
???
10.7%
???
10.7%
???
10.7%
% Correct
???
10.7%
???
8.9%
???
8.9%
???
8.9%
???
8.9%
???
8.9%
???
8.9%
???
8.9%
???
7.1%
???
5.4%
???
5.4%
???
5.4%
???
5.4%
???
5.4%
???
5.4%
???
5.4%
???
5.4%
???
5.4%
???
5.4%
???
5.4%
???
3.6%
???
3.6%
???
1.8%
???
1.8%
???
1.8%
???
1.8%
???
1.8%
???
1.8%
???
1.8%
???
1.8%
???
1.8%
???
1.8%

You're not logged in!

Compare scores with friends on all Sporcle quizzes.
OR
Log In

From the Vault

English Puns

by Puzzgal

How do you irritate a writer? The list is to long too fit hear.
Remove Ads.
Support Sporcle.
Get the best of Sporcle when you Go Orange. This ad-free experience offers more features, more stats, and more fun while also helping to support Sporcle. Thank you for becoming a member.

Show Comments

Extras

Created Feb 8, 2018ReportNominate
Tags:Clickable Quiz, 1-100, 180

Top Quizzes Today


Score Distribution

Your Account Isn't Verified!

In order to create a playlist on Sporcle, you need to verify the email address you used during registration. Go to your Sporcle Settings to finish the process.

Report this User

Report this user for behavior that violates our Community Guidelines.

Details: